Kani̇š Kārum'unun kronoloji̇ problemleri̇ hakkinda müşahedeler = Observations on the chronological problems of the Kārum Kaniš

محفوظ في:

المؤلف الرئيسي: Kemal Balkan

التنسيق: كتاب

اللغة: Undetermined

منشور في: Ankara Türk Tari̇h Kurumu Basimevi̇ 1955

سلاسل: Publications of the Turkish Historical Society

الموضوعات:

الوسوم: إضافة وسم

لا توجد وسوم, كن أول من يضع وسما على هذه التسجيلة!

رقم الطلب: (X) DS51 .K65 B15

LEADER 00803nam a2200181Ia 4500
008 221124s9999||||xx |||||||||||||| ||und||
050 4 |a (X) DS51 .K65 B15  
100 1 |a Kemal Balkan 
245 1 0 |a  Kani̇š Kārum'unun kronoloji̇ problemleri̇ hakkinda müşahedeler = Observations on the chronological problems of the Kārum Kaniš 
264 1 |a Ankara  |b Türk Tari̇h Kurumu Basimevi̇  |c 1955 
300 |a 101.P  |b 3 Leaves of plates  |c 25cm 
490 0 |a  Publications of the Turkish Historical Society 
500 |a Includes Bibliographical refernces 
504 |a In Turkish and english  
650 4 |a Kültepe (Turquie ; site archéologique) 
942 |2 lcc  |c BK 
952 |0 0  |1 0  |2 lcc  |4 0  |7 1  |9 44030  |a ARCE  |b ARCE  |d 2022-11-24  |l 0  |o (X) DS51 .K65 B15   |p 1023645  |r 2022-11-24 00:00:00  |w 2022-11-24  |y BK 
999 |c 50487  |d 50487